| 000 | 00764 a2200277 4500 | ||
|---|---|---|---|
| 001 | 200044865 | ||
| 999 |
_c200044865 _d28295 |
||
| 003 | TR-AnTOB | ||
| 005 | 20230818135046.0 | ||
| 008 | 160507b 9999ja qr0p 0 0 | ||
| 022 | _a1342-6478 | ||
| 040 | _aTR-AnTOB | ||
| 041 | 0 | _aeng | |
| 050 | 0 | 0 |
_aNA6 _b.J3 |
| 099 | _aJOURNAL - JAPA | ||
| 130 | 0 | _aJapan architect | |
| 222 | 0 | _aJA | |
| 245 | 1 | 0 | _aJapan architect |
| 260 |
_aTokyo : _bShinkenchiku-Sha, _c1959- |
||
| 300 |
_av. : _billustration , _c30 cm. |
||
| 310 | _aQuarterly. | ||
| 650 | 0 | 0 |
_aGüzel sanatlar _zJaponya _y20. Yüzyıl _vTarih _vSüreli yayınlar _982435 |
| 650 | 0 | 0 |
_aArchitecture _zJapan _vHistory _y20th century _vPeriodicals _982434 |
| 856 | 4 | 0 | _ahttp://www.japan-architect.co.jp |
| 942 | _cCR | ||